Trouve les paroles de Heads Up de Jain - Statistiques

Statistiques générales
  • Ce quiz a été pris 10 fois
  • Le résultat moyen est 373 sur 484
Statistiques - réponses
Hint Réponse % Correct
. die
100%
. for
100%
. Heads
100%
. never
100%
. | .. the
100%
. Under
100%
. | .. up
100%
. we
100%
. We
100%
. Where
100%
. a
80%
. all
80%
. All
80%
.. are
80%
. be
80%
. fear
80%
. I
80%
. | .. is
80%
. | .. leader
80%
. | .. Life
80%
. | .. light
80%
. lovers
80%
. moonlight
80%
. my
80%
. no
80%
. No
80%
. not
80%
. on
80%
. one
80%
. see
80%
. shadow
80%
. start
80%
. to
80%
. way
80%
. Way
80%
. afraid
60%
. around
60%
. beauty
60%
. begin
60%
. by
60%
. can
60%
. Cause
60%
. colors
60%
. dance
60%
. fear's
60%
. forget
60%
. home
60%
. how
60%
.. If
60%
in
60%
. it's
60%
. | .. It's
60%
. late
60%
. Let's
60%
. me
60%
. mind
60%
. more
60%
. much
60%
. next
60%
. of
60%
. only
60%
. open
60%
. our
60%
.. pain
60%
. people
60%
. put
60%
. rest
60%
. scared
60%
. shame
60%
. So
60%
. so
60%
. stronger
60%
. take
60%
. them
60%
. There's
60%
. they
60%
. this
60%
. time
60%
. Time
60%
. too
60%
. | .. try
60%
. unfight
60%
. wanna
60%
.. wasn't
60%
. what's
60%
.. won't
60%
. always
40%
. and
40%
. awake
40%
. Awake
40%
. away
40%
blow
40%
. cannot
40%
. chance
40%
. cloud
40%
.. differences
40%
. down
40%
. dreams
40%
. everybody
40%
.. find
40%
. free
40%
. friend
40%
. | .. from
40%
. give
40%
. go
40%
. ground
40%
. hate
40%
. keep
40%
. made
40%
. make
40%
. near
40%
. now
40%
. richness
40%
. row
40%
. Scaring
40%
. scaring
40%
. soul
40%
. sound
40%
. stars
40%
. stole
40%
. Tearing
40%
. that
40%
.. town
40%
. us
40%
. walk
40%
. wealth
40%
.. we've
40%
. yo
40%
Aucun quiz correspondant
Distribution des résultats
% des personnes avec chaque résultat
Percentile par nombre de réponses
Votre historique - résultats
Vous n’avez pas pris ce quiz